Score 0/45 Timer 10:00
0 Plays Today
[AS] Genre Title % Correct
ComedyFamily Guy
88.6%
ComedyRobot Chicken
77.5%
ComedyAqua Teen Hunger Force
74%
ComedyAmerican Dad
66.2%
ComedyKing of the Hill
60%
ComedySquidbillies
53.7%
ComedyThe Boondocks
49.2%
ComedyThe Venture Brothers
47.8%
ComedySpace Ghost Coast to Coast
47.6%
ActionBleach
46%
ComedyMetalocalypse
45.8%
ComedyHome Movies
44%
ComedySealab 2021
42.6%
ComedyThe Brak Show
41.9%
ComedyHarvey Birdman
39.6%
ActionInuyasha
39%
ActionCowboy Bebop
37.9%
ComedyMoral Orel
37.7%
ComedyTim & Eric Awesome Show Great Job
37.6%
ComedySuperjail!
37.1%
ActionFullmetal Alchemist
31.4%
Comedy12 oz. Mouse
31.2%
ComedyFrisky Dingo
30.6%
[AS] Genre Title % Correct
ComedyTom Goes to the Mayor
30%
ComedyAssy McGee
29.7%
ActionThe Big O
27.1%
ActionGhost in the Shell
24.4%
ComedyThe Mighty Boosh
23.4%
ComedyLucy, the Daughter of the Devil
22.4%
ComedyThe Office
22.1%
ComedyXavier: Renegade Angel
21.2%
ComedyPerfect Hair Forever
20.7%
ComedyThe Drinky Crow Show
20.4%
ComedyStroker & Hoop
20.4%
ActionFLCL
19.3%
ActionBlood+
19.2%
ComedyDelocated
18.9%
ComedyTitan Maximum
18.1%
ComedyFat Guy Stuck in Internet
18%
ActionCode Geass
16.6%
ComedySaul of the Mole Men
16.4%
ComedyMinoriteam
16.1%
ComedyGarth Marenghi's Darkplace
13.9%
ComedyLook Around You
12.9%
ActionMoribito
9.1%

You're not logged in!

Compare scores with friends on all Sporcle quizzes.
OR
Log In

Sporcle TV

Today on Sporcle TV


Watch our educational content, quiz creation guides, and fun videos on Sporcle TV.

Show Comments

Extras

Top Quizzes Today


Score Distribution

Paid Content

Your Account Isn't Verified!

In order to create a playlist on Sporcle, you need to verify the email address you used during registration. Go to your Sporcle Settings to finish the process.

Report this User

Report this user for behavior that violates our Community Guidelines.

Details: